[Event "Oberliga NRW 1718"]
[Site "Germany"]
[Date "2018.04.29"]
[Round "9.4"]
[White "Wolter, Kai"]
[Black "Franke, Johannes"]
[Result "1/2-1/2"]
[WhiteElo "2205"]
[BlackElo "2265"]
[PlyCount "22"]
[EventDate "2017.09.17"]
[EventType "team-tourn"]
[EventRounds "9"]
[EventCountry "GER"]
[SourceTitle "EXT 2019"]
[Source "ChessBase"]
[SourceDate "2018.10.10"]
[SourceVersion "1"]
[SourceVersionDate "2018.10.10"]
[SourceQuality "1"]
[WhiteTeam "Muenster"]
[BlackTeam "Wattenscheid"]
[WhiteTeamCountry "GER"]
[BlackTeamCountry "GER"]

1. e4 c6 2. d4 d5 3. e5 Bf5 4. c3 e6 5. Be3 Nd7 6. f4 h5 7. Nf3 Nh6 8. Nbd2 Qb6 9. Qb3 Bg4 10. Be2 Nf5 11. Bf2 Be7 1/2-1/2

[Event "Oberliga NRW 1516"]
[Site "Germany"]
[Date "2015.10.25"]
[Round "2.5"]
[White "Franke, Johannes"]
[Black "Soukup, Jiri"]
[Result "1/2-1/2"]
[WhiteElo "2257"]
[BlackElo "2308"]
[PlyCount "118"]
[EventDate "2015.09.27"]
[EventType "team-tourn"]
[EventRounds "9"]
[EventCountry "GER"]
[SourceTitle "EXT 2017"]
[Source "ChessBase"]
[SourceDate "2016.10.25"]
[SourceVersion "1"]
[SourceVersionDate "2016.10.25"]
[SourceQuality "1"]
[WhiteTeam "Wattenscheid"]
[BlackTeam "Letmathe"]
[WhiteTeamCountry "GER"]
[BlackTeamCountry "GER"]

1. e4 c5 2. Nc3 Nc6 3. Bb5 g6 4. Nge2 Bg7 5. 0-0 Nd4 6. Bc4 d6 7. Nxd4 cxd4 8. Qf3 e6 9. Ne2 Ne7 10. d3 Nc6 11. Bb5 0-0 12. Bxc6 bxc6 13. Qg3 e5 14. f4 f5 15. exf5 Bxf5 16. fxe5 dxe5 17. Bg5 Qb6 18. b3 Rae8 19. Qh4 Qc5 20. g4 Be6 21. Rxf8+ Bxf8 22. Rc1 e4 23. Bf6 Bg7 24. Bxg7 Kxg7 25. Qf2 Bxg4 26. Qxd4+ Qxd4+ 27. Nxd4 c5 28. Nb5 e3 29. Nd6 Rf8 30. Ne4 Bh3 31. Re1 Rf4 32. Ng3 Rf2 33. Re2 Rf3 34. Re1 Kf6 35. Nf1 Rf2 36. Nxe3 Rd2 37. a3 h5 38. b4 cxb4 39. axb4 g5 40. Nd5+ Kg6 41. Re3 Bg2 42. c4 h4 43. h3 Kf5 44. b5 Rb2 45. d4 Bxd5 46. Re5+ Kf4 47. cxd5 Rxb5 48. d6 Rb8 49. Ra5 Rb7 50. Kf2 g4 51. hxg4 Kxg4 52. Re5 Rf7+ 53. Kg2 h3+ 54. Kh2 Rf2+ 55. Kg1 Rf6 56. Ra5 Rf7 57. Kh2 Kf3 58. Re5 Rd7 59. Re7 Rxd6 1/2-1/2

[Event "Oberliga NRW 1415"]
[Site "Germany"]
[Date "2014.09.14"]
[Round "1.6"]
[White "Franke, Johannes"]
[Black "Buckels, Valentin"]
[Result "1/2-1/2"]
[WhiteElo "2279"]
[BlackElo "2139"]
[PlyCount "35"]
[EventDate "2014.09.14"]
[EventType "team-tourn"]
[EventRounds "9"]
[EventCountry "GER"]
[SourceTitle "EXT 2017"]
[Source "ChessBase"]
[SourceDate "2016.10.25"]
[SourceVersion "1"]
[SourceVersionDate "2016.10.25"]
[SourceQuality "1"]
[WhiteTeam "Wattenscheid"]
[BlackTeam "Muelheim Nord II"]
[WhiteTeamCountry "GER"]
[BlackTeamCountry "GER"]

1. e4 e5 2. Nc3 Nf6 3. Bc4 Nc6 4. d3 Na5 5. Bg5 Be7 6. Bxf6 Bxf6 7. Nge2 d6 8. 0-0 c6 9. a3 Nxc4 10. dxc4 Be6 11. Qd3 Qb6 12. Na4 Qa5 13. b3 Rd8 14. Rad1 d5 15. cxd5 cxd5 16. Nec3 d4 17. Qb5+ Qxb5 18. Nxb5 1/2-1/2

[Event "Oberliga NRW 1112"]
[Site "Germany"]
[Date "2011.12.04"]
[Round "4.5"]
[White "Franke, Johannes"]
[Black "Lemanczyk, Thomas"]
[Result "0-1"]
[WhiteElo "2301"]
[BlackElo "2156"]
[PlyCount "146"]
[EventDate "2011.09.18"]
[EventType "team-tourn"]
[EventRounds "9"]
[EventCountry "GER"]
[SourceTitle "EXT 2015"]
[Source "ChessBase"]
[SourceDate "2014.11.20"]
[SourceVersion "1"]
[SourceVersionDate "2014.11.20"]
[SourceQuality "1"]
[WhiteTeam "Wattenscheid II"]
[BlackTeam "Gerresheim"]
[WhiteTeamCountry "GER"]
[BlackTeamCountry "GER"]

1. e4 e5 2. Nc3 Nf6 3. Bc4 Nxe4 4. Nf3 Nc6 5. 0-0 Nf6 6. d4 e4 7. Bg5 Be7 8. Ne5 0-0 9. Bxf6 Bxf6 10. Nxf7 Rxf7 11. Qh5 Qf8 12. Nxe4 Ne7 13. Nxf6+ gxf6 14. Bxf7+ Qxf7 15. Qc5 Nc6 16. d5 d6 17. Qb5 a6 18. Qb3 Ne5 19. f4 Ng6 20. a4 a5 21. Rae1 b6 22. c4 Bd7 23. Qg3 Kh8 24. b3 Rg8 25. Qc3 Nh4 26. g3 Nf5 27. Rf2 h5 28. Rg2 Rg7 29. Qd3 Nh6 30. Rge2 h4 31. Re7 Qxe7 32. Rxe7 Rxe7 33. Qg6 Ng8 34. Kf2 Rg7 35. Qh5+ Rh7 36. Qg6 hxg3+ 37. hxg3 Rh6 38. Qf7 Rh7 39. Qg6 Re7 40. g4 Be8 41. Qf5 Kg7 42. Qc8 Kf7 43. Kg3 Rd7 44. Qb8 Ne7 45. Qb7 Ng6 46. Qc8 Ke7 47. Qb8 Nf8 48. Qc8 Bg6 49. Qa6 Bc2 50. c5 Bxb3 51. c6 Rd8 52. Qd3 Bxa4 53. Qe4+ Kf7 54. Qxa4 Ra8 55. Kf3 Ng6 56. Qe4 Re8 57. Qc4 Ra8 58. Kf2 a4 59. Qe4 Nf8 60. Qf5 a3 61. g5 a2 62. Qxf6+ Kg8 63. Qa1 b5 64. Ke1 Ng6 65. f5 Ne5 66. Kd2 b4 67. g6 Ra3 68. Qh1 Nf3+ 69. Ke2 Ng5 70. f6 a1Q 71. f7+ Kf8 72. Qh6+ Qg7 73. Qxg5 Qb2+ 0-1

[Event "Oberliga NRW 1011"]
[Site "Germany"]
[Date "2011.03.13"]
[Round "8.5"]
[White "Franke, Johannes"]
[Black "Klein, Felix"]
[Result "1/2-1/2"]
[WhiteElo "2327"]
[BlackElo "2297"]
[PlyCount "149"]
[EventDate "2010.09.26"]
[EventType "team-tourn"]
[EventRounds "9"]
[EventCountry "GER"]
[SourceTitle "EXT 2012"]
[Source "ChessBase"]
[SourceDate "2011.11.24"]
[SourceVersion "1"]
[SourceVersionDate "2011.11.24"]
[SourceQuality "1"]
[WhiteTeam "Wattenscheid II"]
[BlackTeam "Aachen"]
[WhiteTeamCountry "GER"]
[BlackTeamCountry "GER"]

1. e4 c5 2. Nc3 e6 3. g3 d5 4. Bg2 dxe4 5. Nxe4 Be7 6. Nf3 Nf6 7. Nfg5 Nxe4 8. Nxe4 Nd7 9. 0-0 Nf6 10. Nc3 0-0 11. d3 Qb6 12. a4 Bd7 13. a5 Qa6 14. f4 Bc6 15. Re1 Bxg2 16. Kxg2 Rfe8 17. Qf3 Rad8 18. b3 b5 19. Bb2 c4 20. Ne4 Nd5 21. f5 exf5 22. Qxf5 cxd3 23. cxd3 Nb4 24. Rad1 Nxd3 25. Rxd3 Rxd3 26. Nf6+ gxf6 27. Qxd3 Qc6+ 28. Qf3 Qxf3+ 29. Kxf3 Kf8 30. Rc1 Bb4 31. a6 Re6 32. Rc8+ Kg7 33. Rb8 Rxa6 34. Rxb5 Ba5 35. Bd4 Kg6 36. Rb7 Bb6 37. Bxb6 Rxb6 38. Rxa7 Rxb3+ 39. Kf4 Rb4+ 40. Kf3 Rb3+ 41. Kf4 Rb2 42. h3 h5 43. Ra5 Rf2+ 44. Ke3 Rh2 45. h4 Rb2 46. Kf4 Rb4+ 47. Kf3 Rg4 48. Ra6 Rb4 49. Ra5 f5 50. Ra6+ f6 51. Ra5 Rg4 52. Rb5 f4 53. gxf4 Rxh4 54. Kg3 Rg4+ 55. Kf3 Rg1 56. Kf2 Ra1 57. Kg3 Ra3+ 58. Kg2 h4 59. Rc5 Rg3+ 60. Kf2 f5 61. Ra5 Rg4 62. Kf3 Rg3+ 63. Kf2 Rb3 64. Kg2 h3+ 65. Kh2 Rf3 66. Rb5 Rxf4 67. Kxh3 Kg5 68. Kg3 Ra4 69. Rb3 Rg4+ 70. Kf3 Rh4 71. Kg3 f4+ 72. Kg2 Kg4 73. Rb8 f3+ 74. Kf2 Rh2+ 75. Kf1 1/2-1/2

[Event "BL2-West 0910"]
[Site "Germany"]
[Date "2010.04.11"]
[Round "9.2"]
[White "Franke, Johannes"]
[Black "Braun, Christian"]
[Result "1-0"]
[WhiteElo "2328"]
[BlackElo "2342"]
[PlyCount "69"]
[EventDate "2009.10.18"]
[EventType "team-tourn"]
[EventRounds "9"]
[EventCountry "GER"]
[SourceTitle "EXT 2011"]
[Source "ChessBase"]
[SourceDate "2010.11.26"]
[SourceVersion "1"]
[SourceVersionDate "2010.11.26"]
[SourceQuality "1"]
[WhiteTeam "Wattenscheid"]
[BlackTeam "Aachen"]
[WhiteTeamCountry "GER"]
[BlackTeamCountry "GER"]

1. e4 e6 2. d3 d5 3. Nd2 Nf6 4. e5 Nfd7 5. f4 c5 6. Ngf3 Nc6 7. g3 b5 8. Bg2 Bb7 9. 0-0 Nb6 10. Re1 Be7 11. Nf1 0-0 12. g4 d4 13. Ng3 Nd5 14. Qe2 Rc8 15. a4 a6 16. axb5 axb5 17. Rf1 c4 18. f5 cxd3 19. cxd3 Ne3 20. Bxe3 dxe3 21. Qxe3 Nb4 22. f6 gxf6 23. Qh6 Qxd3 24. exf6 Bc5+ 25. Kh1 Qg6 26. Qh4 Nd3 27. Rad1 Nf4 28. Nh5 Nxg2 29. Kxg2 Rfd8 30. Nf4 Qc2+ 31. Kh3 Bf8 32. Qg5+ Kh8 33. Ne5 Qc7 34. Rc1 h6 35. Qh5 1-0

[Event "Oberliga NRW 0809"]
[Site "Germany"]
[Date "2008.11.09"]
[Round "3.5"]
[White "Franke, Johannes"]
[Black "Konijn, Bart"]
[Result "1/2-1/2"]
[WhiteElo "2340"]
[BlackElo "2201"]
[PlyCount "88"]
[EventDate "2008.09.21"]
[EventType "team-tourn"]
[EventRounds "9"]
[EventCountry "GER"]
[SourceTitle "EXT 2010"]
[Source "ChessBase"]
[SourceDate "2010.11.25"]
[SourceVersion "1"]
[SourceVersionDate "2010.11.25"]
[SourceQuality "1"]
[WhiteTeam "Wattenscheid II"]
[BlackTeam "Gescher"]
[WhiteTeamCountry "GER"]
[BlackTeamCountry "GER"]

1. e4 e5 2. Nc3 Nf6 3. Bc4 Nc6 4. d3 Na5 5. Bb3 Nxb3 6. axb3 Bb4 7. Nge2 d5 8. exd5 Nxd5 9. 0-0 0-0 10. Bd2 Nxc3 11. bxc3 Bd6 12. Ng3 c6 13. f4 exf4 14. Bxf4 Bxf4 15. Rxf4 Qg5 16. Qd2 Be6 17. Ne4 Qh5 18. Qf2 Rfe8 19. Nd6 Re7 20. Re1 b6 21. c4 Rd8 22. Nf5 Ree8 23. Rfe4 c5 24. Qf4 Qg6 25. h4 Qf6 26. Re5 Kf8 27. Qe4 Bd7 28. Ne7 g6 29. g3 Qd6 30. Qf4 Kg7 31. Kf2 f6 32. R5e4 Qxf4+ 33. gxf4 Kf7 34. R4e3 Rb8 35. Nd5 Rxe3 36. Nxe3 Bc6 37. Ra1 a5 38. Re1 Re8 39. Nd1 Rxe1 40. Kxe1 Ke6 41. Kf2 g5 42. fxg5 fxg5 43. hxg5 Kf5 44. Nc3 Kxg5 1/2-1/2

[Event "Oberliga NRW 0607"]
[Site "Germany"]
[Date "2007.04.15"]
[Round "8.3"]
[White "Franke, Johannes"]
[Black "Schaefer, Markus"]
[Result "1/2-1/2"]
[WhiteElo "2330"]
[BlackElo "2354"]
[PlyCount "123"]
[EventDate "2006.09.17"]
[EventType "team-tourn"]
[EventRounds "9"]
[EventCountry "GER"]
[SourceTitle "EXT 2008"]
[Source "ChessBase"]
[SourceDate "2007.11.25"]
[SourceVersion "1"]
[SourceVersionDate "2007.11.25"]
[SourceQuality "1"]
[WhiteTeam "Wattenscheid II"]
[BlackTeam "Solingen II"]
[WhiteTeamCountry "GER"]
[BlackTeamCountry "GER"]

1. e4 e6 2. d3 d5 3. Nd2 Nc6 4. g3 Nf6 5. Bg2 dxe4 6. dxe4 e5 7. Ngf3 Bc5 8. 0-0 0-0 9. Qe2 b6 10. Nb3 Bd6 11. Bg5 h6 12. Bxf6 Qxf6 13. Rfd1 a5 14. Qc4 Bb4 15. Qe2 a4 16. Nc1 a3 17. c3 axb2 18. Qxb2 Ba3 19. Qc2 Bg4 20. Rd3 Rfd8 21. Ne1 Rxd3 22. Nexd3 Rd8 23. h3 Bf3 24. Nb3 Bxg2 25. Kxg2 Qe6 26. Rd1 Be7 27. Ne1 Ra8 28. Rd5 Bd6 29. Nf3 Ne7 30. Rd2 Qc4 31. Re2 Nc6 32. Ne1 Na7 33. Qd3 Qxd3 34. Nxd3 Nb5 35. Rc2 Ra4 36. c4 Na3 37. Nb2 Rb4 38. Rc1 Kf8 39. Kf3 Ke7 40. Ke3 Bc5+ 41. Nxc5 bxc5 42. Nd3 Rxc4 43. Rxc4 Nxc4+ 44. Ke2 Kd6 45. f4 f6 46. fxe5+ fxe5 47. Ne1 Na3 48. Kd2 c4 49. Nf3 h5 50. g4 hxg4 51. hxg4 Kc5 52. g5 Nb5 53. g6 c3+ 54. Kd3 c2 55. Kd2 Nc3 56. Kxc2 Nxa2 57. Nh4 Kd4 58. Nf5+ Kxe4 59. Nxg7 Nb4+ 60. Kd2 Nd5 61. Ne8 Ne7 62. g7 1/2-1/2

[Event "Oberliga NRW 0607"]
[Site "Germany"]
[Date "2007.03.18"]
[Round "7.3"]
[White "Bonnmann, Reinhard"]
[Black "Franke, Johannes"]
[Result "1/2-1/2"]
[WhiteElo "2253"]
[BlackElo "2330"]
[PlyCount "28"]
[EventDate "2006.09.17"]
[EventType "team-tourn"]
[EventRounds "9"]
[EventCountry "GER"]
[SourceTitle "EXT 2008"]
[Source "ChessBase"]
[SourceDate "2007.11.25"]
[SourceVersion "1"]
[SourceVersionDate "2007.11.25"]
[SourceQuality "1"]
[WhiteTeam "Koeln SF"]
[BlackTeam "Wattenscheid II"]
[WhiteTeamCountry "GER"]
[BlackTeamCountry "GER"]

1. d4 c5 2. d5 e5 3. c4 d6 4. Nc3 Be7 5. e4 Bg5 6. Bxg5 Qxg5 7. h4 Qe7 8. g3 Nf6 9. Bh3 Nbd7 10. Nf3 0-0 11. Nd2 Ne8 12. Nf1 Nb6 13. Ne3 Bxh3 14. Rxh3 Qd7 1/2-1/2